000 00692nas a2200229 i 4500
001 173110
003 ES-MaACL
005 20250217134837.0
008 091102d19401943sp ar m | |spa d
022 _a2484-9944
080 _a311:61
080 _a359
245 0 0 _aEstadísticas sanitarias de la Armada española /
_cMinisterio de Marina, Centro de Estadísticas Sanitarias.
260 _aMadrid :
_bMinisterio de Marina,
_c[1940-1943]
300 _a4 v. ;
_c33 cm.
310 _aAnual
650 4 _aSanidad militar-
_zEspaña.
_9174767
710 1 _aEspaña.
_bMinisterio de Marina.
_93909
852 4 _aES-MaACL
_jC-33358-61
866 1 _o1940-1943.
999 _c173110
_d173110